[Event "Mitropa Cup 17th"]
[Site "Montecatini Terme"]
[Date "1997.??.??"]
[Round "5"]
[White "Czebe, Attila"]
[Black "Mrva, Vladimir"]
[Result "1/2-1/2"]
[WhiteElo "2480"]
[BlackElo "2275"]
[PlyCount "87"]
[EventDate "1997.11.07"]
[EventType "team-tourn"]
[EventRounds "9"]
[EventCountry "ITA"]
[Source "ChessBase"]
[SourceDate "1998.03.09"]

1. e4 e5 2. Nf3 Nc6 3. Bb5 a6 4. Ba4 Nf6 5. O-O Be7 6. Qe2 b5 7. Bb3 d6 8. c3
Na5 9. Bc2 c5 10. d4 Qc7 11. h3 O-O 12. Re1 Bd7 13. dxe5 dxe5 14. Nbd2 Bc6 15.
Nf1 Rfe8 16. Ng3 g6 17. Nh2 h5 18. Qf3 Kg7 19. Ngf1 Rad8 20. Qg3 Bd6 21. Bg5
Be7 22. f4 Nh7 23. Bxe7 Qxe7 24. f5 Nc4 25. fxg6 fxg6 26. Nf3 Nxb2 27. Ne3 Kh6
28. Rf1 c4 29. Nh4 Qg5 30. Qxg5+ Kxg5 31. Rf7 Kxh4 32. Rxh7 Nd3 33. Kh2 Kg5 34.
g3 Rf8 35. h4+ Kf6 36. a4 b4 37. Nxc4 Bxe4 38. cxb4 Ke6 39. Kg1 Rc8 40. Ne3 Rf3
41. Bb3+ Kd6 42. Nc4+ Kc6 43. Na5+ Kb6 44. Nc4+ 1/2-1/2

[Event "Mitropa Cup 17th"]
[Site "Montecatini Terme"]
[Date "1997.??.??"]
[Round "5"]
[White "Golubovic, Boris"]
[Black "Wilhelmi, Christian"]
[Result "0-1"]
[WhiteElo "2435"]
[BlackElo "2405"]
[PlyCount "140"]
[EventDate "1997.11.07"]
[EventType "team-tourn"]
[EventRounds "9"]
[EventCountry "ITA"]
[Source "ChessBase"]
[SourceDate "1998.03.09"]

1. e4 c5 2. Nf3 e6 3. g3 Nc6 4. Bg2 Nf6 5. d3 d5 6. Nbd2 Be7 7. O-O b6 8. Re1
Bb7 9. Qe2 Nb4 10. Qd1 dxe4 11. Ng5 O-O 12. Ngxe4 Qd7 13. a3 Nc6 14. Nxf6+ Bxf6
15. Ne4 Be7 16. Bd2 Nd4 17. Bc3 Rac8 18. a4 Rfe8 19. Bxd4 cxd4 20. Nd2 Bxg2 21.
Kxg2 Qd5+ 22. f3 f5 23. Nc4 Bf6 24. b3 e5 25. Qe2 Rc6 26. Kg1 Rce6 27. Qg2 a6
28. Re2 b5 29. axb5 axb5 30. Nd2 Qc5 31. Nf1 e4 32. fxe4 fxe4 33. Rae1 e3 34.
g4 Bh4 35. Ng3 Qg5 36. Rf1 Qxg4 37. Ne4 Qh5 38. Kh1 Bf2 39. Rexf2 exf2 40. Rxf2
Kh8 41. h3 Rg6 42. Qf1 h6 43. Rf5 Qh4 44. Qf3 Kh7 45. Kh2 Qe1 46. Qf2 Qxf2+ 47.
Rxf2 Rc8 48. b4 Ra8 49. Nc5 Ra2 50. Nb3 Ra4 51. Nxd4 Rxb4 52. Nb3 Rg5 53. d4
Rc4 54. Rd2 Kg8 55. d5 Rc7 56. h4 Rf5 57. Na5 Rd7 58. Nc6 Kf8 59. Nb4 Rf4 60.
c3 Rxh4+ 61. Kg3 Rc4 62. Rd3 Ke7 63. Nc2 Kd6 64. Ne3 Kc5 65. Kf3 Ra4 66. Rd1
Rf7+ 67. Ke2 Re4 68. d6 Rd7 69. Rg1 Rxd6 70. Kf3 Re7 0-1

[Event "Mitropa Cup 17th"]
[Site "Montecatini Terme"]
[Date "1997.??.??"]
[Round "5"]
[White "Grosar, Aljosa"]
[Black "Benitah, Yohan"]
[Result "1/2-1/2"]
[WhiteElo "2455"]
[BlackElo "2350"]
[PlyCount "74"]
[EventDate "1997.11.07"]
[EventType "team-tourn"]
[EventRounds "9"]
[EventCountry "ITA"]
[Source "ChessBase"]
[SourceDate "1998.03.09"]

1. e4 e6 2. d4 d5 3. e5 c5 4. c3 Nc6 5. Nf3 Bd7 6. Be2 Nge7 7. Na3 cxd4 8. cxd4
Nf5 9. Nc2 Qb6 10. O-O Be7 11. g4 Nh4 12. Nxh4 Bxh4 13. f4 Be7 14. Be3 Qxb2 15.
Rb1 Qxa2 16. Bd2 Rc8 17. Bd3 Qa4 18. Bb5 Qa2 19. Bc3 Nd8 20. Rb2 Bxb5 21. Rxa2
Bxf1 22. Kxf1 Rxc3 23. Qd2 Rc8 24. Rxa7 O-O 25. g5 f6 26. h4 fxg5 27. hxg5 Bxg5
28. Kg2 Rxf4 29. Qd3 Rc7 30. Ra8 Rcf7 31. Ne1 g6 32. Qh3 h5 33. Qxe6 Kg7 34.
Qxd5 Rg4+ 35. Kh3 Rf1 36. Rxd8 Bxd8 37. Nf3 Rf2 1/2-1/2

[Event "Mitropa Cup 17th"]
[Site "Montecatini Terme"]
[Date "1997.??.??"]
[Round "5"]
[White "Helbich, Jan"]
[Black "Acs, Peter"]
[Result "1/2-1/2"]
[WhiteElo "2195"]
[BlackElo "2460"]
[PlyCount "93"]
[EventDate "1997.11.07"]
[EventType "team-tourn"]
[EventRounds "9"]
[EventCountry "ITA"]
[Source "ChessBase"]
[SourceDate "1998.03.09"]

1. e4 e5 2. Nf3 Nc6 3. d4 exd4 4. Nxd4 Bc5 5. Be3 Qf6 6. c3 Nge7 7. Bc4 Ne5 8.
Be2 Qg6 9. O-O d6 10. f4 Qxe4 11. Bf2 Bxd4 12. cxd4 N5g6 13. Nc3 Qxf4 14. Nb5
O-O 15. Nxc7 Rb8 16. Nb5 Bd7 17. Nxa7 Qg5 18. a4 Nf5 19. Kh1 Rfe8 20. Bf3 Ngh4
21. Ra3 Nxf3 22. Rxf3 Ra8 23. d5 Re7 24. Qb3 Rae8 25. Qxb7 Be6 26. Qb4 Bxd5 27.
Qf4 Qxf4 28. Rxf4 Re5 29. Nb5 g5 30. Rb4 Re2 31. Kg1 Bc6 32. Nc3 Rc2 33. Rb6
Ba8 34. Rb5 Nh4 35. Rxg5+ Ng6 36. h4 Re5 37. Rg4 Rxb2 38. Nb5 Re4 39. Rxe4 Bxe4
40. Nxd6 Bd5 41. Nf5 h5 42. Rd1 Be6 43. Rd8+ Kh7 44. Nd4 Bc4 45. Nf3 Re2 46. a5
Ne5 47. Nxe5 1/2-1/2

[Event "Mitropa Cup 17th"]
[Site "Montecatini Terme"]
[Date "1997.??.??"]
[Round "5"]
[White "Horvath, Csaba"]
[Black "Pcola, Pavol"]
[Result "1-0"]
[WhiteElo "2530"]
[BlackElo "2445"]
[PlyCount "65"]
[EventDate "1997.11.07"]
[EventType "team-tourn"]
[EventRounds "9"]
[EventCountry "ITA"]
[Source "ChessBase"]
[SourceDate "1998.03.09"]

1. d4 d5 2. c4 e6 3. Nc3 Nf6 4. Nf3 c5 5. cxd5 Nxd5 6. e4 Nxc3 7. bxc3 cxd4 8.
cxd4 Bb4+ 9. Bd2 Bxd2+ 10. Qxd2 O-O 11. Bc4 b6 12. d5 Ba6 13. Bxa6 Nxa6 14. d6
Nc5 15. e5 f6 16. exf6 Qxf6 17. O-O Rad8 18. Rad1 Rf7 19. Rfe1 Rfd7 20. Ne5
Rxd6 21. Qxd6 Rxd6 22. Rxd6 h6 23. Rd4 Kh7 24. h4 g6 25. g3 g5 26. hxg5 hxg5
27. Kg2 Qf5 28. Nf3 Kh6 29. Re5 Qc2 30. Nxg5 Qxa2 31. Nf3 Qc2 32. Rh4+ Kg6 33.
Rf4 1-0

[Event "Mitropa Cup 17th"]
[Site "Montecatini Terme"]
[Date "1997.??.??"]
[Round "5"]
[White "Le Roux, Jean Pierre"]
[Black "Tratar, Marko"]
[Result "0-1"]
[WhiteElo "2265"]
[BlackElo "2395"]
[PlyCount "112"]
[EventDate "1997.11.07"]
[EventType "team-tourn"]
[EventRounds "9"]
[EventCountry "ITA"]
[Source "ChessBase"]
[SourceDate "1998.03.09"]

1. e4 c5 2. Nf3 d6 3. c3 Nf6 4. Be2 Nbd7 5. d3 b6 6. O-O Bb7 7. a4 a6 8. Na3 e6
9. Bg5 Qc7 10. Qd2 Be7 11. Rac1 O-O 12. Qe3 h6 13. Bh4 Rfe8 14. Bg3 e5 15. Bd1
d5 16. Bc2 c4 17. dxc4 dxe4 18. Nd2 Bc5 19. Qe2 Bxa3 20. bxa3 Nc5 21. Rfd1 Rad8
22. Nf1 Nd3 23. Rb1 Nf4 24. Qe3 Rxd1 25. Bxd1 Qxc4 26. Qxb6 Bc8 27. Qb2 N6d5
28. Rc1 Nd3 29. Nd2 Qc6 30. Qb1 Nxc1 31. c4 Nd3 32. cxd5 Qxd5 33. Bb3 Qc6 34.
f3 Qc1+ 35. Qxc1 Nxc1 36. fxe4 Rd8 37. Bd5 Ne2+ 38. Kf2 Nc3 39. Bxe5 Nxd5 40.
exd5 Rxd5 41. Bf4 Rd3 42. a5 Rxa3 43. Bc7 Bd7 44. g3 Ra2 45. Ke3 Bh3 46. Bb6 f6
47. Bc7 Kf7 48. Bb6 g5 49. Bc7 Kg6 50. Bd8 f5 51. Bc7 Kf7 52. Kd3 Ke6 53. Ke3
Kd5 54. Kd3 Kc6 55. Bb6 Kb5 56. Bc7 Rxa5 0-1

[Event "Mitropa Cup 17th"]
[Site "Montecatini Terme"]
[Date "1997.??.??"]
[Round "5"]
[White "Mohr, Georg"]
[Black "Anic, Darko"]
[Result "1-0"]
[WhiteElo "2480"]
[BlackElo "2445"]
[PlyCount "65"]
[EventDate "1997.11.07"]
[EventType "team-tourn"]
[EventRounds "9"]
[EventCountry "ITA"]
[Source "ChessBase"]
[SourceDate "1998.03.09"]

1. e4 e5 2. Nf3 Nc6 3. Nc3 Nf6 4. g3 Bc5 5. Bg2 d6 6. O-O O-O 7. d3 a6 8. Be3
h6 9. h3 Bxe3 10. fxe3 d5 11. exd5 Nxd5 12. Qe1 Be6 13. Ne4 Qe7 14. c4 Ndb4 15.
Qc3 Rad8 16. d4 exd4 17. Nxd4 f5 18. Nf2 Bd7 19. a3 Nxd4 20. exd4 Nc6 21. d5
Na7 22. Nd3 Nc8 23. c5 Qe3+ 24. Kh2 Bb5 25. Rf3 Qg5 26. Nf4 Rfe8 27. a4 Bd7 28.
c6 bxc6 29. dxc6 Be6 30. Nxe6 Rxe6 31. Qb3 Rdd6 32. Re1 Kf7 33. Rfe3 1-0

[Event "Mitropa Cup 17th"]
[Site "Montecatini Terme"]
[Date "1997.??.??"]
[Round "5"]
[White "Moor, Roger"]
[Black "Mantovani, Renzo"]
[Result "1-0"]
[WhiteElo "2280"]
[BlackElo "2375"]
[PlyCount "91"]
[EventDate "1997.11.07"]
[EventType "team-tourn"]
[EventRounds "9"]
[EventCountry "ITA"]
[Source "ChessBase"]
[SourceDate "1998.03.09"]

1. e4 c5 2. Nf3 d6 3. d4 cxd4 4. Nxd4 Nf6 5. Nc3 a6 6. f4 e5 7. Nf3 Qc7 8. a4
Be7 9. Bd3 Be6 10. O-O Nbd7 11. Kh1 O-O 12. Qe1 Rfe8 13. Nh4 Bf8 14. fxe5 Nxe5
15. Be3 Nfg4 16. Bg1 Nc4 17. Qc1 g6 18. Nf5 Rac8 19. h3 Nge5 20. Bd4 Qd8 21.
Bxc4 Rxc4 22. Bxe5 dxe5 23. Rd1 Qc7 24. Qg5 f6 25. Qg3 Rc8 26. Ne3 Rd4 27. Qf2
Qd8 28. Ned5 Bg7 29. Rxd4 exd4 30. Qxd4 f5 31. e5 Rxc3 32. bxc3 Qxd5 33. Rd1
Qc4 34. Qd8+ Kf7 35. Rb1 b5 36. axb5 axb5 37. Ra1 Qc5 38. Qb8 Bxe5 39. Ra7+ Bd7
40. Rxd7+ Ke6 41. Qe8+ Kf6 42. Qd8+ Ke6 43. Rxh7 f4 44. Qd7+ Kf6 45. Qf7+ Kg5
46. h4+ 1-0

[Event "Mitropa Cup 17th"]
[Site "Montecatini Terme"]
[Date "1997.??.??"]
[Round "5"]
[White "Naumann, Alexander"]
[Black "Stevic, Hrvoje"]
[Result "1/2-1/2"]
[WhiteElo "2385"]
[BlackElo "2400"]
[PlyCount "53"]
[EventDate "1997.11.07"]
[EventType "team-tourn"]
[EventRounds "9"]
[EventCountry "ITA"]
[Source "ChessBase"]
[SourceDate "1998.03.09"]

1. d4 d5 2. c4 dxc4 3. e3 e5 4. Bxc4 exd4 5. exd4 Bb4+ 6. Nc3 Nf6 7. Nf3 O-O 8.
O-O Bg4 9. a3 Bxc3 10. bxc3 c5 11. h3 Bh5 12. a4 cxd4 13. Ba3 Re8 14. cxd4 Nd5
15. Qb3 Nb6 16. Bb5 Nc6 17. Bc5 Nd7 18. Qd5 Nde5 19. Bxc6 bxc6 20. Qxd8 Nxf3+
21. gxf3 Rexd8 22. Ra3 Bg6 23. a5 Bf5 24. Kh2 a6 25. Re1 Be6 26. Re5 Rab8 27.
Bb6 1/2-1/2

[Event "Mitropa Cup 17th"]
[Site "Montecatini Terme"]
[Date "1997.??.??"]
[Round "5"]
[White "Palac, Mladen"]
[Black "Teske, Henrik"]
[Result "1-0"]
[WhiteElo "2575"]
[BlackElo "2515"]
[PlyCount "85"]
[EventDate "1997.11.07"]
[EventType "team-tourn"]
[EventRounds "9"]
[EventCountry "ITA"]
[Source "ChessBase"]
[SourceDate "1998.03.09"]

1. e4 c6 2. d4 d5 3. Nc3 dxe4 4. Nxe4 Bf5 5. Ng3 Bg6 6. h4 h6 7. Nf3 Nf6 8. Bd3
Bxd3 9. Qxd3 e6 10. Bd2 c5 11. Ne4 Nbd7 12. O-O-O Rc8 13. dxc5 Nxe4 14. Qxe4
Nxc5 15. Qe2 Qb6 16. Be3 Be7 17. g4 Bf6 18. c3 Qa5 19. Kb1 Na4 20. Rc1 O-O 21.
Nd4 Rfd8 22. g5 Bxd4 23. Bxd4 h5 24. Ka1 Nc5 25. Kb1 Na4 26. Rhd1 Qf5+ 27. Qc2
Qb5 28. c4 Qc6 29. Qe2 Qc7 30. b3 Qf4 31. Qe5 Qxe5 32. Bxe5 Nc5 33. Bd4 b6 34.
Kc2 Kh7 35. Be3 Kg6 36. b4 Ne4 37. Kb3 Kf5 38. f3 Nd6 39. c5 Nb5 40. a4 Rxd1
41. Rxd1 Nc7 42. cxb6 axb6 43. Rc1 1-0

[Event "Mitropa Cup 17th"]
[Site "Montecatini Terme"]
[Date "1997.??.??"]
[Round "5"]
[White "Ptacnikova, Lenka"]
[Black "Tabernig, Bernhard"]
[Result "1-0"]
[WhiteElo "2295"]
[BlackElo "2310"]
[PlyCount "117"]
[EventDate "1997.11.07"]
[EventType "team-tourn"]
[EventRounds "9"]
[EventCountry "ITA"]
[Source "ChessBase"]
[SourceDate "1998.03.09"]

1. e4 e6 2. d4 d5 3. Nd2 Nf6 4. e5 Nfd7 5. Bd3 c5 6. c3 Nc6 7. Ne2 cxd4 8. cxd4
Qb6 9. Nf3 f6 10. exf6 Nxf6 11. O-O Bd6 12. Nc3 Bd7 13. a3 Nxd4 14. Nxd4 Qxd4
15. Nb5 Qe5 16. Nxd6+ Qxd6 17. Bd2 Kf7 18. Bb4 Qb6 19. Qe2 Rac8 20. Rfe1 Rhe8
21. Qe5 Bb5 22. Bxb5 Qxb5 23. Bc3 Rc4 24. Re3 Qd7 25. Rg3 Qd8 26. Qg5 e5 27.
Bxe5 Re4 28. Qxg7+ Ke6 29. Bxf6 Qxf6 30. Qxb7 Re7 31. Qc6+ Ke5 32. Qc5 Qd6 33.
f4+ Ke6 34. f5+ Ke5 35. Qxd6+ Kxd6 36. f6 Rf7 37. Rf1 Re2 38. b4 Ke5 39. Rg5+
Ke6 40. Rgf5 d4 41. R5f3 Kd5 42. Rd1 Re6 43. Rdf1 Re2 44. g4 h6 45. h4 Re4 46.
Rg3 Re3 47. Rg2 Rh3 48. g5 hxg5 49. hxg5 Rfh7 50. g6 R7h4 51. Rg5+ Ke4 52. Kf2
d3 53. Rfg1 Rh2+ 54. R5g2 Rf4+ 55. Ke1 Rh3 56. g7 d2+ 57. Rxd2 Rxa3 58. g8=Q a5
59. Qd5+ 1-0

[Event "Mitropa Cup 17th"]
[Site "Montecatini Terme"]
[Date "1997.??.??"]
[Round "5"]
[White "Sarno, Spartaco"]
[Black "Wirthensohn, Heinz"]
[Result "0-1"]
[WhiteElo "2400"]
[BlackElo "2365"]
[PlyCount "68"]
[EventDate "1997.11.07"]
[EventType "team-tourn"]
[EventRounds "9"]
[EventCountry "ITA"]
[Source "ChessBase"]
[SourceDate "1998.03.09"]

1. c4 e6 2. Nf3 d5 3. b3 Nf6 4. g3 Be7 5. Bg2 O-O 6. O-O c5 7. e3 Nc6 8. Bb2 b6
9. Qe2 Ba6 10. Rd1 Rc8 11. d3 b5 12. cxb5 Bxb5 13. Nc3 Ba6 14. Rac1 Nd7 15. Rd2
d4 16. Na4 e5 17. exd4 Nxd4 18. Nxd4 cxd4 19. Rxc8 Bxc8 20. Rc2 Bd6 21. Bc1 Qe7
22. Bd2 Nb6 23. Nxb6 axb6 24. Bd5 Bc5 25. Qf3 Ba6 26. h4 Kh8 27. Kh2 f5 28. Bg5
Qd7 29. Bc6 Qd6 30. Rc1 e4 31. dxe4 fxe4 32. Qg2 d3 33. Be3 d2 34. Rd1 Bxe3 0-1

[Event "Mitropa Cup 17th"]
[Site "Montecatini Terme"]
[Date "1997.??.??"]
[Round "5"]
[White "Vokac, Marek"]
[Black "Baumegger, Siegfried"]
[Result "1-0"]
[WhiteElo "2480"]
[BlackElo "2485"]
[PlyCount "57"]
[EventDate "1997.11.07"]
[EventType "team-tourn"]
[EventRounds "9"]
[EventCountry "ITA"]
[Source "ChessBase"]
[SourceDate "1998.03.09"]

1. c4 c5 2. b3 Nc6 3. Bb2 e5 4. Nc3 Nf6 5. g3 d5 6. cxd5 Nxd5 7. Bg2 Be6 8. d3
Be7 9. Nf3 f6 10. O-O O-O 11. e3 Qd7 12. Qe2 Rfd8 13. Rfd1 Nc7 14. Rac1 Bg4 15.
Qf1 Ne6 16. h3 Bh5 17. Rd2 Bf8 18. Ne1 Rac8 19. f4 exf4 20. gxf4 Re8 21. Be4
Nc7 22. f5 Bf7 23. Qg2 Rcd8 24. Nf3 Nd5 25. Nxd5 Bxd5 26. Bxf6 Rc8 27. Ng5 Nb4
28. Bc3 h6 29. Bxb4 1-0

[Event "Mitropa Cup 17th"]
[Site "Montecatini Terme"]
[Date "1997.??.??"]
[Round "6"]
[White "Acs, Peter"]
[Black "Brod, Manfred"]
[Result "1-0"]
[WhiteElo "2460"]
[BlackElo "2270"]
[PlyCount "57"]
[EventDate "1997.11.07"]
[EventType "team-tourn"]
[EventRounds "9"]
[EventCountry "ITA"]
[Source "ChessBase"]
[SourceDate "1998.03.09"]

1. e4 e6 2. d4 d5 3. Nd2 c5 4. Ngf3 cxd4 5. Nxd4 Qb6 6. c3 Nc6 7. exd5 Nxd4 8.
Nc4 Qc5 9. Be3 Qxd5 10. Bxd4 Nf6 11. Qb3 Qe4+ 12. Ne3 Be7 13. Bb5+ Kf8 14.
O-O-O a6 15. Bd3 Qc6 16. Be2 Nd7 17. Bf3 Qc7 18. Rhe1 Nc5 19. Qc4 b5 20. Bxg7+
Kxg7 21. Qg4+ Kf8 22. Bxa8 b4 23. Qc4 bxc3 24. b4 Bd7 25. bxc5 Bxc5 26. Qxc3
Ba3+ 27. Kd2 Qb6 28. Ke2 Bb5+ 29. Kf3 1-0

[Event "Mitropa Cup 17th"]
[Site "Montecatini Terme"]
[Date "1997.??.??"]
[Round "6"]
[White "Anic, Darko"]
[Black "Teske, Henrik"]
[Result "1/2-1/2"]
[WhiteElo "2445"]
[BlackElo "2515"]
[PlyCount "22"]
[EventDate "1997.11.07"]
[EventType "team-tourn"]
[EventRounds "9"]
[EventCountry "ITA"]
[Source "ChessBase"]
[SourceDate "1998.03.09"]

1. Nf3 Nf6 2. c4 c5 3. g3 Nc6 4. Bg2 g6 5. O-O Bg7 6. d4 cxd4 7. Nxd4 O-O 8.
Nc3 Nxd4 9. Qxd4 d6 10. Qd3 Be6 11. Bd2 Rc8 1/2-1/2

[Event "Mitropa Cup 17th"]
[Site "Montecatini Terme"]
[Date "1997.??.??"]
[Round "6"]
[White "Balogh, Tomas"]
[Black "Golubovic, Boris"]
[Result "0-1"]
[WhiteElo "2390"]
[BlackElo "2435"]
[PlyCount "82"]
[EventDate "1997.11.07"]
[EventType "team-tourn"]
[EventRounds "9"]
[EventCountry "ITA"]
[Source "ChessBase"]
[SourceDate "1998.03.09"]

1. d4 d5 2. c4 c6 3. cxd5 cxd5 4. Nf3 Nf6 5. Nc3 Nc6 6. Bf4 Ne4 7. e3 Nxc3 8.
bxc3 g6 9. Ne5 Bg7 10. Nxc6 bxc6 11. Qa4 Qd7 12. Be2 O-O 13. O-O h6 14. c4 g5
15. Bg3 c5 16. Qxd7 Bxd7 17. cxd5 cxd4 18. Rac1 Rfc8 19. exd4 Bxd4 20. Ba6 Rxc1
21. Rxc1 e5 22. Bb7 Rd8 23. Kf1 Kf8 24. f3 Rb8 25. Rc7 Ke7 26. Bc6 Rd8 27. Be1
Kd6 28. Rxd7+ Rxd7 29. Bb4+ Kc7 30. Bxd7 Kxd7 31. g4 Bb6 32. Ke2 Bc7 33. Bf8
Bd6 34. Bxh6 f6 35. Kd3 Ke7 36. Ke4 Kf7 37. Kf5 Be7 38. h3 a6 39. a4 a5 40. h4
gxh4 41. Bd2 h3 0-1

[Event "Mitropa Cup 17th"]
[Site "Montecatini Terme"]
[Date "1997.??.??"]
[Round "6"]
[White "Baumegger, Siegfried"]
[Black "Horvath, Csaba"]
[Result "1/2-1/2"]
[WhiteElo "2485"]
[BlackElo "2530"]
[PlyCount "20"]
[EventDate "1997.11.07"]
[EventType "team-tourn"]
[EventRounds "9"]
[EventCountry "ITA"]
[Source "ChessBase"]
[SourceDate "1998.03.09"]

1. d4 Nf6 2. Nf3 g6 3. Bg5 Bg7 4. Nbd2 O-O 5. e4 d5 6. Bxf6 Bxf6 7. c3 dxe4 8.
Nxe4 Bg7 9. Bc4 b6 10. Qe2 Bb7 1/2-1/2

[Event "Mitropa Cup 17th"]
[Site "Montecatini Terme"]
[Date "1997.??.??"]
[Round "6"]
[White "Belotti, Bruno"]
[Black "Pavasovic, Dusko"]
[Result "1/2-1/2"]
[WhiteElo "2410"]
[BlackElo "2495"]
[PlyCount "60"]
[EventDate "1997.11.07"]
[EventType "team-tourn"]
[EventRounds "9"]
[EventCountry "ITA"]
[Source "ChessBase"]
[SourceDate "1998.03.09"]

1. e4 e5 2. Nf3 Nf6 3. d3 Nc6 4. Be2 d5 5. Nbd2 Bc5 6. O-O O-O 7. c3 a5 8. b3
Bg4 9. a3 dxe4 10. Nxe4 Be7 11. h3 Bf5 12. Ng3 Bg6 13. Nh4 Nd5 14. Nxg6 hxg6
15. Qc2 Qd7 16. Rd1 Rfe8 17. Bf1 f5 18. Rb1 Bf6 19. b4 axb4 20. axb4 Kh7 21. b5
Nd8 22. Ne4 Ne6 23. Nd2 Nb6 24. Nf3 Qd6 25. Be3 Nd5 26. Bd2 Red8 27. g3 Nb6 28.
Be3 Nd5 29. Bd2 Nb6 30. Be3 Nd5 1/2-1/2

[Event "Mitropa Cup 17th"]
[Site "Montecatini Terme"]
[Date "1997.??.??"]
[Round "6"]
[White "Benitah, Yohan"]
[Black "Wilhelmi, Christian"]
[Result "1/2-1/2"]
[WhiteElo "2350"]
[BlackElo "2405"]
[PlyCount "59"]
[EventDate "1997.11.07"]
[EventType "team-tourn"]
[EventRounds "9"]
[EventCountry "ITA"]
[Source "ChessBase"]
[SourceDate "1998.03.09"]

1. d4 Nf6 2. c4 g6 3. Nc3 d5 4. Bg5 Bg7 5. e3 c5 6. Nf3 Ne4 7. Bf4 Nxc3 8. bxc3
cxd4 9. cxd4 Nc6 10. Be2 O-O 11. O-O dxc4 12. Bxc4 Bg4 13. Be2 Qa5 14. h3 Bxf3
15. Bxf3 e5 16. dxe5 Nxe5 17. Bxb7 Rad8 18. Qc2 Rd2 19. Qb3 Rb2 20. Qxb2 Nf3+
21. Bxf3 Bxb2 22. Rad1 Qxa2 23. Rd2 Qa3 24. Rfd1 Bc3 25. Rd3 Qb2 26. Bd6 Rd8
27. Ba3 Rxd3 28. Bxb2 Rxd1+ 29. Bxd1 Bxb2 30. Kf1 1/2-1/2

[Event "Mitropa Cup 17th"]
[Site "Montecatini Terme"]
[Date "1997.??.??"]
[Round "6"]
[White "Grosar, Aljosa"]
[Black "Bellini, Fabio"]
[Result "1/2-1/2"]
[WhiteElo "2455"]
[BlackElo "2415"]
[PlyCount "71"]
[EventDate "1997.11.07"]
[EventType "team-tourn"]
[EventRounds "9"]
[EventCountry "ITA"]
[Source "ChessBase"]
[SourceDate "1998.03.09"]

1. e4 e6 2. d4 d5 3. Nc3 dxe4 4. Nxe4 Nd7 5. Nf3 Ngf6 6. Bg5 h6 7. Bxf6 Nxf6 8.
Nxf6+ Qxf6 9. Bb5+ c6 10. Bd3 Bd6 11. Qe2 O-O 12. O-O-O c5 13. dxc5 Bxc5 14.
Qe4 Rd8 15. Qh7+ Kf8 16. Bb5 Rxd1+ 17. Rxd1 g5 18. Ne5 Qxe5 19. Rd8+ Ke7 20.
Qg8 Be3+ 21. fxe3 Qxb5 22. Qf8+ Kf6 23. Qxh6+ Ke7 24. Qf8+ Kf6 25. Qh8+ Ke7 26.
g4 b6 27. Qf8+ Kf6 28. Qh8+ Ke7 29. Qf8+ Kf6 30. a4 Qf1+ 31. Rd1 Qh3 32. Qd8+
Kg6 33. Qg8+ Kf6 34. Qd8+ Kg6 35. Qg8+ Kf6 36. Qd8+ 1/2-1/2

[Event "Mitropa Cup 17th"]
[Site "Montecatini Terme"]
[Date "1997.??.??"]
[Round "6"]
[White "Krupkova, Petra"]
[Black "Moor, Roger"]
[Result "1/2-1/2"]
[WhiteElo "2275"]
[BlackElo "2280"]
[PlyCount "89"]
[EventDate "1997.11.07"]
[EventType "team-tourn"]
[EventRounds "9"]
[EventCountry "ITA"]
[Source "ChessBase"]
[SourceDate "1998.03.09"]

1. e4 Nf6 2. e5 Nd5 3. d4 d6 4. Nf3 Bg4 5. Be2 e6 6. O-O Be7 7. h3 Bh5 8. c4
Nb6 9. exd6 cxd6 10. Nc3 O-O 11. Be3 N8d7 12. b3 Bf6 13. Rc1 a6 14. Qd2 d5 15.
c5 Bxf3 16. Bxf3 Nc8 17. b4 Ne7 18. Bg5 Nf5 19. Bxf6 Qxf6 20. Rfd1 Nb8 21. Rb1
Nc6 22. Ne2 Rfd8 23. Rb3 g6 24. a4 Kg7 25. g3 h5 26. Bg2 Rd7 27. f4 Qd8 28. a5
Nh6 29. Kh2 Qc7 30. Bf3 Re8 31. Kg2 f6 32. Rd3 Nf5 33. Qc3 e5 34. dxe5 d4 35.
exf6+ Kf7 36. Nxd4 Ncxd4 37. Rxd4 Nxd4 38. Rxd4 Red8 39. Re4 Rd2+ 40. Re2 Rxe2+
41. Bxe2 Qc6+ 42. Kf2 Qh1 43. Qb3+ Kf8 44. Qe6 Qh2+ 45. Kf3 1/2-1/2

[Event "Mitropa Cup 17th"]
[Site "Montecatini Terme"]
[Date "1997.??.??"]
[Round "6"]
[White "Mohr, Georg"]
[Black "Arlandi, Ennio"]
[Result "1/2-1/2"]
[WhiteElo "2480"]
[BlackElo "2470"]
[PlyCount "33"]
[EventDate "1997.11.07"]
[EventType "team-tourn"]
[EventRounds "9"]
[EventCountry "ITA"]
[Source "ChessBase"]
[SourceDate "1998.03.09"]

1. Nf3 Nf6 2. c4 e6 3. g3 d5 4. Bg2 Be7 5. O-O O-O 6. b3 b6 7. Bb2 Bb7 8. e3 c5
9. Nc3 dxc4 10. bxc4 Nc6 11. Qe2 Qc7 12. Rfd1 a6 13. Ne1 Na7 14. Bxb7 Qxb7 15.
a4 Rfd8 16. Rab1 Nc6 17. f4 1/2-1/2

[Event "Mitropa Cup 17th"]
[Site "Montecatini Terme"]
[Date "1997.??.??"]
[Round "6"]
[White "Naumann, Alexander"]
[Black "Le Roux, Jean Pierre"]
[Result "1-0"]
[WhiteElo "2385"]
[BlackElo "2265"]
[PlyCount "113"]
[EventDate "1997.11.07"]
[EventType "team-tourn"]
[EventRounds "9"]
[EventCountry "ITA"]
[Source "ChessBase"]
[SourceDate "1998.03.09"]

1. d4 Nf6 2. c4 g6 3. Nc3 Bg7 4. Nf3 O-O 5. g3 d6 6. Bg2 Nc6 7. d5 Na5 8. Nd2
c5 9. O-O a6 10. Qc2 Rb8 11. b3 b5 12. Bb2 Bd7 13. h3 h5 14. Rab1 Qc8 15. Kh2
Bf5 16. e4 Bd7 17. Nd1 bxc4 18. bxc4 Bh6 19. Bc3 Rxb1 20. Nxb1 Nb7 21. f4 Bg7
22. Ne3 Be8 23. Qb2 Bh8 24. Nd2 Kh7 25. e5 Nd7 26. Ne4 dxe5 27. fxe5 Qc7 28.
Ng5+ Kg8 29. d6 exd6 30. Qxb7 Qxb7 31. Bxb7 Nxe5 32. Nd5 Bd7 33. Ne4 Be6 34.
Nxd6 Nxc4 35. Nxc4 Bxc3 36. Nxc3 Bxc4 37. Rf6 Be6 38. Be4 Kg7 39. Rf2 Rd8 40.
h4 Rd4 41. Rc2 Kf8 42. Kg2 Ke7 43. Kf2 f5 44. Bb7 a5 45. Bc6 Rd6 46. Bb5 Rd4
47. Ne2 Rb4 48. Bc6 a4 49. a3 Rb3 50. Rc3 Bd7 51. Bxd7 Kxd7 52. Rxc5 Rxa3 53.
Nf4 Ra2+ 54. Kf3 Ra3+ 55. Kg2 Ra2+ 56. Kh3 Kd6 57. Ra5 1-0

[Event "Mitropa Cup 17th"]
[Site "Montecatini Terme"]
[Date "1997.??.??"]
[Round "6"]
[White "Orsag, Milan"]
[Black "Forster, Richard"]
[Result "1/2-1/2"]
[WhiteElo "2350"]
[BlackElo "2460"]
[PlyCount "97"]
[EventDate "1997.11.07"]
[EventType "team-tourn"]
[EventRounds "9"]
[EventCountry "ITA"]
[Source "ChessBase"]
[SourceDate "1998.03.09"]

1. d4 Nf6 2. c4 g6 3. Nc3 Bg7 4. Nf3 O-O 5. Bg5 d6 6. e3 c5 7. Be2 h6 8. Bh4
Bf5 9. O-O Ne4 10. Nxe4 Bxe4 11. Qd2 g5 12. Bg3 Qb6 13. Rad1 Nc6 14. d5 Nb8 15.
h4 gxh4 16. Bxh4 Nd7 17. Bd3 Bxf3 18. gxf3 Ne5 19. Kg2 Ng6 20. Bg3 Qb4 21. Qc2
b5 22. b3 bxc4 23. bxc4 Qc3 24. Bxg6 fxg6 25. Qxg6 Qxc4 26. Qe6+ Kh7 27. Rh1
Rae8 28. Rh4 Qc2 29. Rdh1 Qg6 30. Qh3 Rf5 31. e4 Rg5 32. Re1 Bf6 33. Rh1 Rxg3+
34. fxg3 Bxh4 35. Qxh4 Kg7 36. Rb1 Qg5 37. Qxg5+ hxg5 38. Rb7 Kf6 39. Kf2 Ra8
40. Ke3 a5 41. a4 Rh8 42. Rb5 Rh3 43. Rxa5 Rxg3 44. Ra8 g4 45. Kf4 Rxf3+ 46.
Kxg4 Ra3 47. Kf4 Ra2 48. a5 c4 49. Rf8+ 1/2-1/2